00322nam a2200121Ia 4500008004100000041000800041082001500049100001800064245002300082260005100105300003300156365001100189240624s9999 xx 000 0 und d aeng a658.56 PIN aPINE B JOSEPH aEXPERIENCE ECONOMY c2011aNew DelhibHarvard Business Review Press axxvii, : 359 : p. : cm. ; 20 cRSb38